Welcome to the Holygrace Academy Library

Please use search bar below to get started

SESHAKRIYA (Record no. 1618)

MARC details
000 -LEADER
fixed length control field 00285nam a22001337a 4500
082 ## - DEWEY DECIMAL CLASSIFICATION NUMBER
Classification number 894.812.3
Item number EDI/S
100 ## - MAIN ENTRY--AUTHOR NAME
Personal name IDICULA,JOSE
245 ## - TITLE STATEMENT
Title SESHAKRIYA
250 ## - EDITION STATEMENT
Edition statement FIRST
260 ## - PUBLICATION, DISTRIBUTION, ETC. (IMPRINT)
Place of publication KOTTAYAM
Name of publisher SINCERE PUBLICATIONS
Year of publication 2001
300 ## - PHYSICAL DESCRIPTION
Number of Pages 80
650 ## - SUBJECT ADDED ENTRY--TOPICAL TERM
Topical Term STORY
Geographic subdivision KERALA
942 ## - ADDED ENTRY ELEMENTS (KOHA)
Koha item type Books
Holdings
Withdrawn status Lost status Collection code Home library Current library Shelving location Date acquired Source of acquisition Full call number Accession Number Koha item type
    Fiction Main Library Main Library SHELF-6C MALAYALAM SHORT STORIES 12/01/2005 PURCHASE 894.812.3 EDI/S 01911 Books